Central Library OPAC University of Rajshahi

The Second Reform Act / (Record no. 42962)

MARC details
000 -LEADER
fixed length control field 01033nam a2200325 a 4500
001 - CONTROL NUMBER
control field 42962
003 - CONTROL NUMBER IDENTIFIER
rucl marc code BD-RjUL
005 - DATE AND TIME OF LATEST TRANSACTION
control field 20211209053625.0
008 - FIXED-LENGTH DATA ELEMENTS--GENERAL INFORMATION
fixed length control field 160618s19831996enk b 000 0 eng d
020 ## - INTERNATIONAL STANDARD BOOK NUMBER
International Standard Book Number 0415104327
035 ## - SYSTEM CONTROL NUMBER
System control number (OCoLC)59203544
System control number (OCoLC)ocm59203544
System control number (CStRLIN)NYCG87-B73672
System control number (BD-RjUL)43080
System control number (NNC)593896
040 ## - CATALOGING SOURCE
Original cataloging agency Uk
Transcribing agency Uk
Modifying agency DLC
-- CStRLIN
-- BD-RjUL
Language of cataloging eng
041 ## - LANGUAGE CODE
Language code of text/sound track or separate title eng
082 04 - DEWEY DECIMAL CLASSIFICATION NUMBER
Classification number 328.410734
Edition number 19
Author mark and year WAS 1996
090 ## - LOCALLY ASSIGNED LC-TYPE CALL NUMBER (OCLC); LOCAL CALL NUMBER (OCLC)
Classification number (OCLC) (R) ; Classification number, CALL (RLIN) (NR) JN543
Local cutter number (OCLC) ; Book number/undivided call number, CALL (RLIN) .W35 1987g
100 1# - MAIN ENTRY--PERSONAL NAME
Personal name Walton, John K.
9 (RLIN) 131934
245 14 - TITLE STATEMENT
Title The Second Reform Act /
Statement of responsibility, etc. John K. Walton.
260 ## - PUBLICATION, DISTRIBUTION, ETC. (IMPRINT)
Place of publication, distribution, etc. London :
Name of publisher, distributor, etc. Methuen,
Date of publication, distribution, etc. 1983 [Reprinted 1996]
300 ## - PHYSICAL DESCRIPTION
Pagination vii, 52 p. ;
Size 22 cm.
490 1# - SERIES STATEMENT
Series statement Lancaster pamphlets
504 ## - BIBLIOGRAPHY, ETC. NOTE
Bibliography, etc Includes bibliographical references (p. 51-52).
610 10 - SUBJECT ADDED ENTRY--CORPORATE NAME
Corporate name or jurisdiction name as entry element Great Britain.
Subordinate unit Parliament
650 #0 - SUBJECT ADDED ENTRY--TOPICAL TERM
Topical term or geographic name as entry element Representative government and representation
Geographic subdivision Great Britain
General subdivision History
Chronological subdivision 19th century.
9 (RLIN) 130193
830 #0 - SERIES ADDED ENTRY--UNIFORM TITLE
Uniform title Lancaster pamphlets.
942 ## - ADDED ENTRY ELEMENTS (KOHA)
Source of classification or shelving scheme Dewey Decimal Classification
Koha item type Books
Holdings
Lost status Source of classification or shelving scheme Damaged status Not for loan Collection code Permanent Location Current Location Shelving location Date acquired Source of acquisition Cost, normal purchase price Total Checkouts Full call number Date last seen Copy number Koha item type
  Dewey Decimal Classification     Non-fiction Central Library, University of Rajshahi Central Library, University of Rajshahi   16/08/1979 Inter LTD. Dhaka 5.25   328.410734 WAS 1996 18/06/2016 C-2 Books
  Dewey Decimal Classification   Not For Loan Non-fiction Central Library, University of Rajshahi Central Library, University of Rajshahi Reading Room 16/08/1997 Paragon Interprise , Dhaka 5.25   328.410734 WAS 1996 03/04/2019 C-1 Books